A buzz is part of a bee / (Record no. 2024)

MARC details
000 -LEADER
fixed length control field 01156pam a2200337 a 4500
001 - CONTROL NUMBER
control field 2024
003 - CONTROL NUMBER IDENTIFIER
control field FISKH
005 - DATE AND TIME OF LATEST TRANSACTION
control field 20250731144125.0
008 - FIXED-LENGTH DATA ELEMENTS--GENERAL INFORMATION
fixed length control field 891103s1990 ilua j 000 0 eng
010 ## - LIBRARY OF CONGRESS CONTROL NUMBER
LC control number 89025434
020 ## - INTERNATIONAL STANDARD BOOK NUMBER
International Standard Book Number 0516020617 (lib. bdg.)
020 ## - INTERNATIONAL STANDARD BOOK NUMBER
International Standard Book Number 9780516245386
040 ## - CATALOGING SOURCE
Original cataloging agency DLC
Transcribing agency DLC
Modifying agency DLC
Language of cataloging eng
042 ## - AUTHENTICATION CODE
Authentication code lcac
050 00 - LIBRARY OF CONGRESS CALL NUMBER
Classification number PE1449
Item number .L76 1990
082 00 - DEWEY DECIMAL CLASSIFICATION NUMBER
Classification number 428.1
Edition number 20
100 1# - MAIN ENTRY--PERSONAL NAME
Personal name Lunn, Carolyn.
245 12 - TITLE STATEMENT
Title A buzz is part of a bee /
Statement of responsibility, etc. by Carolyn Lunn ; illustrations by Tom Dunnington ; prepared under the direction of Robert Hillerich.
260 ## - PUBLICATION, DISTRIBUTION, ETC.
Place of publication, distribution, etc. New York :
Name of publisher, distributor, etc. Scholastic,
Date of publication, distribution, etc. 1990.
300 ## - PHYSICAL DESCRIPTION
Extent 31 pages :
Other physical details color illustrations ;
Dimensions 18 cm
440 #2 - SERIES STATEMENT/ADDED ENTRY--TITLE
Title A Rookie reader
505 ## - FORMATTED CONTENTS NOTE
Formatted contents note C<br/>
520 ## - SUMMARY, ETC.
Summary, etc. Enumerates a series of words and the greater things of which they are a part, such as leaf and tree, elbow and arm, candle and cake, and tail and kite.
521 8# - TARGET AUDIENCE NOTE
Target audience note 150<br/>
Source Lexile<br/>
521 8# - TARGET AUDIENCE NOTE
Target audience note C<br/>
Source Raz-Plus<br/>
650 #0 - SUBJECT ADDED ENTRY--TOPICAL TERM
Topical term or geographic name entry element Vocabulary
General subdivision Juvenile literature.
650 #1 - SUBJECT ADDED ENTRY--TOPICAL TERM
Topical term or geographic name entry element Vocabulary.
700 1# - ADDED ENTRY--PERSONAL NAME
Personal name Dunnington, Tom,
Relator term illustrator
906 ## - LOCAL DATA ELEMENT F, LDF (RLIN)
a 7
b cbc
c orignew
d 1
e ocip
f 19
g y-gencatlg
942 ## - ADDED ENTRY ELEMENTS (KOHA)
Source of classification or shelving scheme Dewey Decimal Classification
Koha item type Books
Suppress in OPAC No
Holdings
Withdrawn status Lost status Source of classification or shelving scheme Damaged status Not for loan Collection Home library Current library Shelving location Date acquired Total Checkouts Full call number Barcode Date last seen Copy number Price effective from Koha item type
    Dewey Decimal Classification     Non-Fiction Footprints International School Library Network Toul Kork Campus Footprints International School Library Network Toul Kork Campus TK Primary Library Room(4th Floor), Bookcase 7, Shelves 57-60, Dark Green Books 10/30/2023   LUN 428.1 PE1449.L76 2023-0722 10/30/2023 1 10/30/2023 Books
    Dewey Decimal Classification     Non-Fiction Footprints International School Library Network Toul Kork Campus Footprints International School Library Network Toul Kork Campus TK Primary Library Room(4th Floor), Bookcase 7, Shelves 57-60, Dark Green Books 10/24/2025   LUN 428.1 PE1449.L76 FISTK03229 10/24/2025 3 10/24/2025 Books
    Dewey Decimal Classification     Non-Fiction Footprints International School Library Network Toul Tom Poung Campus Footprints International School Library Network Toul Tom Poung Campus TTP Primary Green Bookshelves 07/31/2025   LUN 428.1 PE1449.L76 FIS01654 07/31/2025 2 07/31/2025 Books